Countries by a Single Clue #8 - Statistics

General Stats
  • This quiz has been taken 95,054 times
  • The average score is 11 of 20
Answer Stats
Clue Country % Correct
Known in its own language as Deutschland Germany
99%
Sandwiched between Lithuania and Estonia Latvia
93%
Turkey occupies the northern part of this island nation Cyprus
90%
Of this Arab nation's 9.9 million residents, 8.7 million are foreign workers United Arab Emirates
77%
Small country sandwiched between Romania and Ukraine Moldova
74%
Smallest country in the Horn of Africa Djibouti
69%
The only country in South America with English as an official language Guyana
66%
Dakar is its capital Senegal
61%
Small country just north of Burundi Rwanda
58%
Successfully resisted Soviet invasion in 1940 Finland
57%
Nearly 25% of the world's ships are registered to this Latin American country Panama
56%
Country in southwest Africa known for its sand dunes Namibia
53%
Country that is nearest to the heel of Italy's "boot" Albania
41%
This northwest African country was the last in the world to legally abolish slavery, but 2% of its people remain enslaved Mauritania
39%
Oceanic country home to Bikini Atoll Marshall Islands
37%
Home to Gangkhar Puensum, the world's highest unclimbed mountain with a height of 7570 meters Bhutan
32%
Shares its name with one of the African Great Lakes Malawi
32%
This three-word country had the world's fourth-lowest Human Development Index in 2022 Central African Republic
25%
Its name is derived from the Portuguese for "Lioness Mountains" Sierra Leone
24%
In 1991, it suffered the largest deliberately-caused oil spill of all time Kuwait
23%
No matching quizzes found
Score Distribution
Percent of People with Each Score
Percentile by Number Answered
Your Score History
You have not taken this quiz